00315nam a22000977a 4500008004100000020001500041082002000056245011600076260001700192300000800209230629b xxu||||| |||| 00| 0 eng d a9982260111 a338.9bAYO 2002 aCOMESAbCorporate Governance: Sizing up the "Other Hand of Trade and Regional Integration in Sub-Saharan Africa bCOMESAc2002 a69p